[Event "Verona Primavera op-B 3rd"]
[Site "Verona"]
[Date "2023.05.14"]
[Round "4"]
[White "Fernandez Rodriguez, Pablo"]
[Black "Agolzer, Luca"]
[Result "0-1"]
[WhiteElo "1819"]
[BlackElo "1833"]
[PlyCount "104"]
[EventDate "2023.05.12"]
[EventType "swiss"]
[EventRounds "5"]
[EventCountry "ITA"]
[SourceTitle "EXT 2025"]
[Source "ChessBase"]
[SourceDate "2024.10.14"]
[SourceVersion "1"]
[SourceVersionDate "2024.10.14"]
[SourceQuality "1"]

1. d4 Nf6 2. Bg5 d5 3. Bxf6 exf6 4. e3 Bd6 5. g3 0-0 6. Bg2 c6 7. Ne2 Nd7 8. 0-0 f5 9. c4 dxc4 10. Nd2 Nb6 11. Rc1 Be6 12. Nf4 Bxf4 13. gxf4 Re8 14. Qh5 g6 15. Qe2 Bd5 16. f3 Qh4 17. Qe1 Qxe1 18. Rfxe1 Re7 19. Kf2 Na4 20. Rc2 Rae8 21. e4 b5 22. b3 Nb6 23. Rec1 Be6 24. b4 Ra8 25. Nb1 a5 26. a3 axb4 27. axb4 Rea7 28. Nc3 Bd7 29. Rd1 Ra1 30. Rdd2 Kf8 31. d5 cxd5 32. Nxd5 Nxd5 33. Rxd5 R1a2 34. Rcd2 Rxd2+ 35. Rxd2 Ke7 36. Ke3 Ra3+ 37. Kd4 Kd6 38. h4 h5 39. Rd1 Rb3 40. Rd2 Be6 41. exf5 Bxf5 42. Bf1 Kc6 43. Ra2 Rxb4 44. Ra6+ Kb7 45. Kc5 Kxa6 46. Kxb4 Kb6 47. Bxc4 bxc4 48. Kxc4 Kc6 49. Kd4 Kd6 50. Kc4 Ke6 51. Kd4 Kf6 52. Kd5 Bb1 0-1

[Event "Verona Primavera op-B 3rd"]
[Site "Verona"]
[Date "2023.05.14"]
[Round "5"]
[White "Goldoni, Claudio"]
[Black "Fernandez Rodriguez, Pablo"]
[Result "1-0"]
[WhiteElo "1801"]
[BlackElo "1819"]
[PlyCount "45"]
[EventDate "2023.05.12"]
[EventType "swiss"]
[EventRounds "5"]
[EventCountry "ITA"]
[SourceTitle "EXT 2025"]
[Source "ChessBase"]
[SourceDate "2024.10.14"]
[SourceVersion "1"]
[SourceVersionDate "2024.10.14"]
[SourceQuality "1"]

1. e4 e6 2. d4 d5 3. Nd2 Nf6 4. Bd3 c5 5. e5 Nfd7 6. c3 Nc6 7. Ne2 cxd4 8. cxd4 f6 9. exf6 Nxf6 10. 0-0 Bd6 11. Nf3 0-0 12. a3 e5 13. Nxe5 Nxe5 14. dxe5 Bxe5 15. h3 Qb6 16. Rb1 Nh5 17. Be3 Qd6 18. Qc2 g6 19. Bc5 Qf6 20. Bxf8 Qxf8 21. f4 Nxf4 22. Nxf4 Bxf4 23. Rbe1 1-0

[Event "Verona Primavera op-B 3rd"]
[Site "Verona"]
[Date "2023.05.13"]
[Round "3"]
[White "Aggio, Mose"]
[Black "Fernandez Rodriguez, Pablo"]
[Result "0-1"]
[WhiteElo "1779"]
[BlackElo "1819"]
[PlyCount "38"]
[EventDate "2023.05.12"]
[EventType "swiss"]
[EventRounds "5"]
[EventCountry "ITA"]
[SourceTitle "EXT 2025"]
[Source "ChessBase"]
[SourceDate "2024.10.14"]
[SourceVersion "1"]
[SourceVersionDate "2024.10.14"]
[SourceQuality "1"]

1. e4 e6 2. d3 c5 3. Nf3 Nc6 4. g3 d5 5. Qe2 e5 6. Bg2 d4 7. Nbd2 Be6 8. 0-0 Be7 9. Ne1 g5 10. Bf3 Nf6 11. Bh5 g4 12. Bxf7+ Bxf7 13. f4 gxf3 14. Ndxf3 Bh5 15. Qg2 Qd7 16. a3 0-0-0 17. Bd2 Bg4 18. Ng5 Rdf8 19. h3 h6 0-1

[Event "Verona Primavera op-B 3rd"]
[Site "Verona"]
[Date "2023.05.13"]
[Round "2"]
[White "Fernandez Rodriguez, Pablo"]
[Black "Marcenaro, Alessandro"]
[Result "1-0"]
[WhiteElo "1819"]
[BlackElo "1724"]
[PlyCount "97"]
[EventDate "2023.05.12"]
[EventType "swiss"]
[EventRounds "5"]
[EventCountry "ITA"]
[SourceTitle "EXT 2025"]
[Source "ChessBase"]
[SourceDate "2024.10.14"]
[SourceVersion "1"]
[SourceVersionDate "2024.10.14"]
[SourceQuality "1"]

1. d4 d5 2. Nf3 Nf6 3. Bg5 Bf5 4. Bxf6 exf6 5. e3 Bd6 6. c4 c6 7. Nc3 Be6 8. c5 Bc7 9. Bd3 0-0 10. Qc2 h6 11. b4 a5 12. b5 cxb5 13. Bxb5 b6 14. 0-0 bxc5 15. dxc5 Nd7 16. Ne2 Ne5 17. Nfd4 Bd7 18. a4 Qe7 19. Nf4 Be6 20. Rfd1 Rfd8 21. Nc6 Nxc6 22. Bxc6 Rab8 23. Ne2 Bxh2+ 24. Kh1 Be5 25. Rab1 Rxb1 26. Rxb1 Rb8 27. Rb5 Qc7 28. Nd4 Bxd4 29. exd4 Rc8 30. Bb7 Re8 31. Qc3 Qf4 32. Kg1 Qc7 33. Qxa5 Qf4 34. Qc3 Bd7 35. c6 Re2 36. Qg3 Qc1+ 37. Kh2 Bxc6 38. Rc5 Rc2 39. Bxc6 Rxc5 40. dxc5 Qxc5 41. Bb5 d4 42. Qb8+ Kh7 43. Bd3+ g6 44. Qb5 Qd6+ 45. g3 f5 46. a5 f4 47. a6 fxg3+ 48. fxg3 Qf6 49. Kg2 1-0